Cytokine knockouts /
Salvato in:
| Altri autori: | , |
|---|---|
| Natura: | Libro |
| Lingua: | inglese |
| Pubblicazione: |
Totowa, N.J.
Humana Press
1998.
|
| Serie: | Contemporary immunology
|
| Soggetti: | |
| Accesso online: | Visualizza in OPAC |
| Tags: |
Nessun Tag, puoi essere il primo ad aggiungerne!!
|
MARC
| LEADER | 00000cam a2200000 a 4500 | ||
|---|---|---|---|
| 005 | 20260127133946.0 | ||
| 008 | 171201s1998 njua b 001 0 eng c | ||
| 010 | |a 97-039690 | ||
| 020 | |a 0896033686 |q (alk. paper) | ||
| 035 | |a vtls001516504 | ||
| 035 | |a (DLC) 97039690 | ||
| 035 | |a ()4018118 | ||
| 039 | 9 | |a 201712011402 |b VLOAD |c 200903060843 |d mschk03 |c 200503011345 |d mschk03 |y 200503011340 |z mschk03 | |
| 040 | |a STUSCHK1 |b slo |c STUSCHK1 | ||
| 060 | 1 | 0 | |a QW 568 C9943 1998 |
| 082 | 0 | 0 | |a 616.07/9 |2 21 |
| 245 | 0 | 0 | |a Cytokine knockouts / |c edited by Scott K. Durum and Kathrin Muegge ; foreword by Klaus Rajewsky. |
| 260 | |a Totowa, N.J. |b Humana Press |c 1998. | ||
| 300 | |a xxv, 482 p. |b ill. (some col.) |c 24 cm. | ||
| 440 | 0 | |a Contemporary immunology | |
| 504 | |a Includes bibliographical references and index. | ||
| 650 | 0 | |a Cytokines. | |
| 650 | 0 | |a Gene targeting. | |
| 650 | 1 | 2 | |a Cytokines |x physiology. |
| 650 | 2 | 2 | |a Mice, Knockout. |
| 700 | 1 | |a Durum, Scott K. | |
| 700 | 1 | |a Muegge, Kathrin. | |
| 906 | |a 7 |b cbu |c orignew |d 1 |e ocip |f 19 |g y-gencatlg | ||
| 910 | |a SCHK95 | ||
| 919 | |a 0-89603-368-6 | ||
| 920 | |a ** LC HAS REQ'D # OF SHELF COPIES ** | ||
| 991 | |b c-GenColl |h QR185.8.C95 |i C9814 1998 |p 00051013918 |t Copy 1 |w BOOKS | ||
| 999 | |c 907 |d 907 | ||